[Event "SRB-ch Semifinal 2021"]
[Site "Paracin"]
[Date "2021.03.16"]
[Round "1.1"]
[White "Ivanovic, Marko"]
[Black "Sedlak, Nikola"]
[Result "0-1"]
[WhiteElo "2274"]
[BlackElo "2514"]
[Annotator "TA"]
[PlyCount "117"]
[EventDate "2021.03.16"]
[EventType "swiss"]
[EventCountry "SRB"]
[SourceTitle "playchess.com"]
[Source "ChessBase"]
[SourceQuality "1"]

{[%evp 24,117,0,0,30,25,25,-23,-21,-25,0,0,0,0,25,9,22,19,27,25,27,25,62,0,71,31,27,28,34,24,58,13,35,-11,-8,-6,-4,-10,-13,-31,-34,-62,-55,-62,-61,-78,-74,-115,-113,-107,-106,-119,-113,-224,-17,-75,-57,-139,-151,-150,-147,-147,-138,-151,-138,-178,-154,-183,-183,-228,-228,-339,-337,-329,-319,-491,-446,-443,-437,-502,-485,-483,-461,-762,-754,-708,-672,-5113,-5079,-1436,-1418,-29987,-29988,-29989,-29990,-29990]} 1. e4 c5 2. Nf3 Nc6 3. d4 cxd4 4. Nxd4 Qb6 5. Nb3 Nf6 6. Nc3 e6 7. Bd3 d6 8. O-O Be7 9. Kh1 Qc7 10. f4 a6 11. Qf3 O-O 12. Bd2 b5 13. a3 Rb8 {B33: Sicilian: Pelikan and Sveshnikov Variations.} 14. Rae1 b4 15. axb4 Nxb4 {Black has an edge.} 16. Nb5 {[#]} axb5 $146 ({Predecessor:} 16... Rxb5 17. Bxb5 Nxc2 18. Rc1 axb5 19. Qd3 Qc4 20. Qxc2 Nxe4 21. Na5 Qxc2 22. Rxc2 Nxd2 23. Rxd2 {0-1 (40) Menvielle Laccourreye,A (2244)-Kurajica,B (2524) Las Palmas 2009}) 17. Bxb4 e5 18. Nd2 Be6 19. b3 exf4 20. Qxf4 Nd7 21. Nf3 Ne5 22. Qg3 Bf6 23. Nd4 (23. Be2 $1 $14) 23... Qe7 (23... Nxd3 $11 24. Qxd3 (24. Bxd6 Bh4 $11) 24... Bxd4 25. Qxd4 Qxc2) 24. Rxf6 Qxf6 25. Bxd6 {[%mdl 64] Double Attack} Nxd3 26. cxd3 Rbd8 27. e5 Qh6 28. Bxf8 Rxd4 29. Bc5 Rd8 30. b4 Qd2 31. d4 Ra8 {[%mdl 1024] White must now prevent ...Ra3! Black has compensation.} 32. Rg1 Bd5 33. h3 h6 34. Kh2 Ra2 35. Kh1 Ra6 36. Bd6 Qxd4 $40 {[%mdl 128] Black goes for the king.} 37. Qg4 Qc3 38. Rd1 {[#]} (38. Kh2 $17) 38... Qb3 $2 ({Black should try} 38... h5 $1 $19 {[%cal Rh5g4]} 39. Qg5 (39. Qxh5 {is a self mate.} Bxg2+ 40. Kh2 Ra2 41. Ra1 Qxa1 42. Kg3 Ra3+ 43. Kh4 Rxh3+ 44. Kg5 Qc1+ 45. Kg4 Qc4+ 46. Kg5 Rg3+ 47. Kf5 Qe4#) (39. Qe2 Ra2) 39... Qb3 40. Rxd5 Qxd5 41. Qd8+ Kh7) 39. Rd2 (39. Qc8+ $11 Kh7 40. Qf5+ g6 41. Qd3 Qxd3 42. Rxd3) 39... Be6 40. Qe4 {[#] Black continues to play with concentration.} (40. Qd1 $15) 40... Bxh3 $1 $17 41. Qd3 (41. gxh3 {gets mated.} Qxh3+ 42. Kg1 Qg3+ 43. Kf1 Ra1+ 44. Rd1 Rxd1+ 45. Ke2 Re1+ 46. Kd2 Rxe4 47. Be7 Qf2+ 48. Kc3 Qd4+ 49. Kb3 Re2 50. Bd6 Qe3#) 41... Qxd3 42. Rxd3 {[%mdl 4096] Endgame KRB-KRB} Be6 43. Kh2 Ra2 44. Kg3 Kh7 45. Kf3 g5 46. g4 Rh2 47. Bc5 (47. Kg3 $142 Rh4 48. Rd4) 47... Rh3+ $19 48. Ke4 Rh4 ({Don't do} 48... Bxg4 49. Rd8 $19) 49. Rd8 (49. Kf3 $142) 49... Rxg4+ 50. Kf3 h5 51. Be7 Kg6 52. Rb8 Kf5 53. Rxb5 (53. Rd8 $142) 53... h4 {Strongly threatening ...h3.} 54. Rb8 Bd5+ 55. Ke3 h3 56. Rh8 Rh4 {[%mdl 64] Promotion} 57. Rxh4 gxh4 58. Bxh4 h2 59. Kd4 {Weighted Error Value: White=0.59/Black=0.13} 0-1

[Event "SRB-ch Semifinal 2021"]
[Site "Paracin"]
[Date "2021.03.16"]
[Round "1.2"]
[White "Budisavljevic, Luka"]
[Black "Mijatovic, Dusan"]
[Result "1/2-1/2"]
[WhiteElo "2510"]
[BlackElo "2246"]
[Annotator "TA"]
[PlyCount "111"]
[EventDate "2021.03.16"]
[EventType "swiss"]
[EventCountry "SRB"]
[SourceTitle "playchess.com"]
[Source "ChessBase"]
[SourceQuality "1"]

{[%evp 9,111,36,33,38,58,48,57,60,58,64,68,61,67,56,58,52,83,78,85,81,86,83,70,77,60,22,81,55,124,128,128,135,115,122,162,162,193,169,185,133,171,167,160,112,172,175,177,173,198,181,193,192,235,241,221,191,220,211,198,208,294,294,305,250,337,311,302,239,269,218,247,208,203,172,190,170,159,154,172,146,151,111,111,111,111,111,180,0,0,0,0,0,0,0,0,0,129,120,134,112,98,0,214,0]} 1. d4 e6 2. c4 Bb4+ 3. Bd2 a5 4. Nc3 d6 5. e3 Nf6 6. Bd3 {A40: Unusual replies to 1 d4.} e5 7. Nge2 {[#]} c6 $146 ({Predecessor:} 7... Nc6 8. a3 Bxc3 9. Bxc3 O-O 10. O-O Bg4 11. f3 Bh5 12. d5 Nb8 13. e4 Nbd7 {1-0 (20) Cheparinov,I (2681)-Mkrtchian,L (2449) Caleta 2015}) 8. O-O {White is slightly better.} O-O 9. Qc2 Re8 10. a3 Bxc3 11. Nxc3 Nbd7 12. Rad1 Qe7 13. f3 Nb6 14. Be1 Be6 15. b3 {[%cal Bb2b3,Bb3b4][%mdl 32]} a4 16. Bh4 h6 17. Ne4 Nbd7 (17... g5 $11 18. Nxf6+ Qxf6) 18. b4 exd4 (18... g5 $14 19. Bf2 Nxe4 20. fxe4 (20. Bxe4 d5 $14) 20... Bg4) 19. exd4 $16 d5 20. Nxf6+ Nxf6 21. c5 Qd8 22. Rfe1 Bd7 23. Qf2 Re6 24. Re5 ({White should try} 24. Rxe6 $18 Bxe6 25. Re1) 24... Qf8 25. Rde1 Rae8 26. Bb1 Kh8 (26... Rxe5 $16 {keeps fighting.} 27. dxe5 Nh5) 27. Qc2 {Black must now prevent Bxf6.} Qg8 28. Qxa4 g5 29. Bg3 Nh5 30. Rxe6 Rxe6 31. Rxe6 Bxe6 32. Qc2 Nxg3 33. hxg3 Qg7 34. Qd3 f5 (34... Kg8 {was worth a try.} 35. g4 h5) 35. Qe3 $18 Qf6 36. a4 Bd7 37. Kf1 Kg7 38. Bc2 Kf7 39. Qd3 Qe6 40. Kf2 Qf6 41. Ke2 h5 42. Kd2 h4 43. gxh4 gxh4 44. Kc3 Qg5 45. Qe2 Qc1 46. Kb3 Qg1 47. Qd2 Kg6 (47... Ke8 $16 48. Kb2 Qf1) 48. Qf4 $2 (48. b5 $18) 48... Qxg2 $11 {Threatens to win with ...Qg3.} 49. Qd6+ {[%mdl 64] Double Attack} Kg5 50. Qe7+ Kf4 51. Qxh4+ Kxf3 52. Qe7 Qg3 53. Qxd7 {[%mdl 64] Double Attack} Ke2+ 54. Ka2 f4 {[#]} 55. Qf5 (55. Qh7 $1 $16) 55... Qe3 $2 {[#]} (55... Qc3 $11) 56. Qh5+ $2 {Black defended with fortune.  Weighted Error Value: White=0.18/Black=0.28} (56. Bb1 $1 $18) 1/2-1/2

[Event "SRB-ch Semifinal 2021"]
[Site "Paracin"]
[Date "2021.03.16"]
[Round "1.3"]
[White "Ilincic, Aleksa"]
[Black "Ratkovic, Miloje"]
[Result "0-1"]
[WhiteElo "2229"]
[BlackElo "2497"]
[Annotator "TA"]
[PlyCount "74"]
[EventDate "2021.03.16"]
[EventType "swiss"]
[EventCountry "SRB"]
[SourceTitle "playchess.com"]
[Source "ChessBase"]
[SourceQuality "1"]

{[%evp 20,74,20,16,11,12,48,30,37,14,11,0,12,-19,-12,-26,18,32,0,-27,-24,-63,-62,-152,-165,-194,-191,-211,-218,-233,-218,-249,-227,-333,-340,-330,-333,-440,-388,-466,-456,-574,-560,-560,-536,-510,-524,-509,-509,-494,-505,-781,-754,-773,-749,-882,-155]} 1. e4 c6 2. d4 d5 3. Nd2 dxe4 4. Nxe4 Bf5 5. Ng3 Bg6 6. h4 h6 7. Nf3 Nd7 8. h5 Bh7 9. Bd3 Bxd3 10. Qxd3 e6 11. Bd2 a5 {B19: Classical Caro-Kann: 4...Bf5 main line.} 12. O-O-O Bb4 13. c3 Be7 {White has an edge.} 14. Qe2 Ngf6 15. Rhe1 O-O {[#]} 16. Nf5 $146 ({Predecessor:} 16. Kb1 a4 17. Ne5 a3 18. b3 Qc7 19. Ng6 Rfe8 20. Nxe7+ Rxe7 21. Ne4 Nxe4 22. Qxe4 {0-1 (56) Tseitlin,M (2320)-Shimanov,A (2606) St Petersburg 2014}) 16... exf5 17. Qxe7 Ne4 (17... Qc7 {with more complications.} 18. Qe2 Rfe8 19. Ne5 Nxe5 20. dxe5 Rad8) 18. Qxd8 Raxd8 19. Be3 Ndf6 20. Nh4 f4 {[%cal Rf4e3][%mdl 64] [#] Deflection} ({Much worse is} 20... Nxh5 $6 21. Nxf5 Rfe8 22. Kc2 $14) 21. Bxf4 {Black continues to play with concentration.} (21. f3 $1 $15 Nxc3 22. bxc3 fxe3 23. Nf5) 21... Nxf2 $17 22. Rd2 N6e4 23. Bg3 Nxd2 ({Not} 23... Nxg3 24. Rxf2 Rd5 25. Re7 $11) 24. Kxd2 Ng4 25. Re7 b5 26. Nf5 (26. Rc7 $142) 26... Rd5 $19 27. Nd6 Rxh5 28. Rc7 Rh1 29. Rxc6 Rb1 {Black is clearly winning.} ({Weaker is} 29... Rg1 30. Ke2 $19) 30. b3 Rb2+ 31. Kd3 Rxg2 32. Bf4 Rf2 33. Bd2 h5 34. Rc5 h4 {[#] aiming for ...f5.} 35. Nf5 (35. Rh5 $142 Rh2 36. Bf4 Rxa2 37. Rxh4 Nf2+ 38. Ke3) 35... Re8 {White must now prevent ...h3.} 36. Nxh4 Rh2 37. Nf5 Nf2+ {Weighted Error Value: White=0.47/Black=0.04} 0-1

[Event "SRB-ch Semifinal 2021"]
[Site "Paracin"]
[Date "2021.03.16"]
[Round "1.4"]
[White "Ratkovic, Milovan"]
[Black "Djokic, Mihailo"]
[Result "1-0"]
[WhiteElo "2462"]
[BlackElo "2199"]
[Annotator "TA"]
[PlyCount "55"]
[EventDate "2021.03.16"]
[EventType "swiss"]
[EventCountry "SRB"]
[SourceTitle "playchess.com"]
[Source "ChessBase"]
[SourceQuality "1"]

{[%evp 12,55,43,45,59,39,69,20,70,0,7,0,0,0,0,0,0,0,0,0,10,0,0,-12,-12,-12,-16,-5,0,-8,-8,-15,0,0,343,338,333,334,322,322,1027,430,1020,1012,1012,959]} 1. d4 Nf6 2. c4 e6 3. Nc3 d5 4. Nf3 Be7 5. Bf4 O-O 6. e3 dxc4 7. Bxc4 c5 {D37: Queen's Gambit Declined: 5 Bf4.} 8. O-O Nc6 9. Qe2 {[#]} a6 $146 {The position is equal.} ({Predecessor:} 9... cxd4 10. Rad1 Bd7 11. exd4 Nb4 12. d5 exd5 13. Nxd5 Nbxd5 14. Bxd5 Nxd5 15. Rxd5 Re8 16. Qd2 {1-0 (16) Abdalla,L (2234)-Savanovic,A (2410) chess.com INT 2020}) 10. Rad1 (10. dxc5 $14 Bxc5 11. Rac1) 10... cxd4 $11 11. exd4 Nb4 12. Ne5 b5 13. Bb3 Bb7 14. Rfe1 Nbd5 15. Bd2 Nxc3 16. bxc3 Ne4 17. Qg4 Nxd2 18. Rxd2 {[#] Strongly threatening Nxf7!} Bd5 19. Rd3 Bf6 20. Rh3 g6 21. Qf4 {Threatens to win with Qh6.} Bg5 22. Qg3 f5 $2 {[%mdl 8192]} (22... Bf6 $11) 23. Bxd5 $18 exd5 24. f4 Bf6 25. Nxg6 {Intending Ne7+! and mate.} hxg6 (25... Rf7) 26. Qxg6+ {[%mdl 64] [#] Double Attack. White is clearly winning.} Bg7 27. Qh7+ Kf7 28. Rh5 {Weighted Error Value: White=0.12/Black=0.41} 1-0

[Event "SRB-ch Semifinal 2021"]
[Site "Paracin"]
[Date "2021.03.16"]
[Round "1.5"]
[White "Ivic, Matija"]
[Black "Cabarkapa, Novak"]
[Result "0-1"]
[WhiteElo "2186"]
[BlackElo "2455"]
[Annotator "TA"]
[PlyCount "32"]
[EventDate "2021.03.16"]
[EventType "swiss"]
[EventCountry "SRB"]
[SourceTitle "playchess.com"]
[Source "ChessBase"]
[SourceQuality "1"]

{[%evp 12,32,6,0,20,-28,-25,-87,-68,-73,-87,-157,-171,-157,-129,-144,-151,-197,-200,-241,-240,-589,-603]} 1. d4 Nf6 2. Nf3 g6 3. c4 Bg7 4. g3 d5 5. Bg2 dxc4 6. Qa4+ Nfd7 7. O-O Nc6 {D73: Fianchetto Grünfeld: 5 Nf3 .} 8. Rd1 Nb6 {[#]} 9. Qa3 $146 (9. Qb5 $11 {keeps the balance.}) ({Predecessor:} 9. Qc2 Bf5 10. Qd2 O-O 11. d5 Nxd5 12. Qxd5 Nb4 13. Qd2 Nc2 14. g4 Qxd2 15. Nbxd2 Bxg4 {0-1 (35) Vavrak,P (2474)-Vovk,Y (2549) Szombathely 2008}) 9... O-O {[%cal Rc6d4] Black is better.} ({Much worse is} 9... Nxd4 $6 10. Nc3 $11) 10. d5 {[#]} e6 $1 11. e4 ({White should play} 11. d6) 11... exd5 $17 12. exd5 {[#]} Bg4 $1 13. Bg5 {[#]} Qd7 14. Nc3 Bxf3 15. dxc6 Qxc6 16. Nd5 $2 (16. Bxf3 {was the crucial defense.} Qxf3 17. Be3) 16... Bxd5 {Weighted Error Value: White=0.73/Black=0.05} 0-1

[Event "SRB-ch Semifinal 2021"]
[Site "Paracin"]
[Date "2021.03.16"]
[Round "1.6"]
[White "Perunovic, Miodrag"]
[Black "Kostic, Milutin B"]
[Result "1-0"]
[WhiteElo "2428"]
[BlackElo "2181"]
[Annotator "TA"]
[PlyCount "39"]
[EventDate "2021.03.16"]
[EventType "swiss"]
[EventCountry "SRB"]
[SourceTitle "playchess.com"]
[Source "ChessBase"]
[SourceQuality "1"]

{[%evp 11,39,18,10,0,0,0,47,-5,36,23,50,27,52,58,455,433,670,600,633,631,592,502,818,864,862,811,29995,29996,29996,29997]} 1. e4 c6 2. d4 d5 3. e5 Bf5 4. h4 h5 5. Bd3 Bxd3 6. Qxd3 e6 7. Bg5 {B12: Caro-Kann: Advance Variation.} Qb6 8. Nd2 Ne7 9. c4 (9. Ngf3 $14) 9... Nf5 10. Ne2 Qa6 11. b3 Nd7 12. O-O f6 $2 {[%mdl 8192] [#]} (12... Be7 $14) 13. Nf4 $1 $18 {[#]} Nxd4 $146 ({Worse is} 13... fxg5 14. Nxe6 Ke7 15. Qxf5) (13... c5 $142 14. exf6 (14. cxd5 Qxd3 15. Nxd3 exd5 $15) 14... O-O-O) (13... c5 14. exf6) ({Predecessor:} 13... c5 14. exf6 Kf7 15. Rae1 Re8 16. Nxe6 Nxd4 17. Nxd4 Rxe1 18. Rxe1 cxd4 19. fxg7 Bxg7 20. Re7+ {1-0 (20) Paichadze,L (2565)-Petriashvili,N (2423) playchess.com 2020}) 14. Qg6+ Ke7 15. exf6+ gxf6 {[#]} 16. Rfe1 $1 {And now cxd5 would win.} Kd6 (16... fxg5 $142 17. Nxe6 Nxe6 18. Rxe6+ Kd8 19. Re8+ Kc7) 17. Bxf6 Rh6 18. Qg3 {Threatening mate with Nxe6+.} ({Not} 18. Bxd4 Rxg6 19. Nxg6 Bh6 $17) 18... Nf5 19. Rxe6+ Kc5 20. b4+ {[%mdl 64] Decoy. Black did not feel at home in the position after the opening.  Weighted Error Value: White=0.17/Black=1.51} 1-0

[Event "SRB-ch Semifinal 2021"]
[Site "Paracin"]
[Date "2021.03.16"]
[Round "1.7"]
[White "Radisavljevic, Dalibor"]
[Black "Tadic, Stefan"]
[Result "0-1"]
[WhiteElo "2179"]
[BlackElo "2419"]
[Annotator "TA"]
[PlyCount "58"]
[EventDate "2021.03.16"]
[EventType "swiss"]
[EventCountry "SRB"]
[SourceTitle "playchess.com"]
[Source "ChessBase"]
[SourceQuality "1"]

{[%evp 22,58,48,0,0,0,18,0,0,0,14,0,37,-56,-34,-308,-279,-411,-427,-620,-637,-634,-373,-568,-475,-619,-599,-1768,-1596,-3062,-2900,-2714,-2687,-3956,-3685,-29991,-29992,-29992,-29993]} 1. e4 c5 2. Nf3 Nc6 3. d4 cxd4 4. Nxd4 Nf6 5. Nc3 e6 6. Nxc6 bxc6 7. e5 Nd5 8. Ne4 Qc7 9. f4 Qb6 10. c4 Bb4+ 11. Ke2 f5 12. exf6 (12. Nf2 $5 {[%cal Rc4d5]}) 12... Nxf6 {B45: Sicilian Four Knights.} 13. Be3 Qd8 14. Nd6+ Bxd6 {The position is equal.} 15. Qxd6 Bb7 16. Rd1 c5 17. Rg1 (17. Qxc5 $14 Rc8 18. Qxa7) 17... Ne4 $15 18. Qe5 {[%mdl 8192]} (18. Qd3 $15) 18... O-O $19 {Threatens to win with ...Rf5.} 19. g4 {[#]} (19. b4 {might work better.} cxb4 20. Ke1) 19... d6 $1 {[%cal Rd6e5] [#]} 20. Qh5 $146 (20. Qxe6+ $142 Kh8 21. Bg2) ({Predecessor:} 20. Qxe6+ Kh8 21. Bg2 Rf6 22. Qxe4 Bxe4 23. Bxe4 Rb8 24. Kf3 Rxb2 25. f5 Rxh2 26. Bf4 {0-1 (35) Harutjunyan,G (2455)-Nugumanov,B (2387) Cheliabinsk 2019}) 20... Qb6 21. Bc1 Qb4 22. Ke3 (22. a3 {keeps fighting.} Qxc4+ 23. Ke1) 22... d5 {Strongly threatening ...d4+.} 23. Bd3 e5 24. Bd2 exf4+ 25. Ke2 f3+ 26. Kf1 Qxb2 27. Bxe4 dxe4 28. Rg3 e3 29. Rh3 Be4 {White did not feel at home in the position after the opening.  Weighted Error Value: White=1.62/Black=0.17} 0-1

[Event "SRB-ch Semifinal 2021"]
[Site "Paracin"]
[Date "2021.03.16"]
[Round "1.8"]
[White "Stankovic, Milos"]
[Black "Pajcin, Lav"]
[Result "1-0"]
[WhiteElo "2414"]
[BlackElo "2167"]
[Annotator "NA"]
[PlyCount "57"]
[EventDate "2021.03.16"]
[EventType "swiss"]
[EventCountry "SRB"]
[SourceTitle "playchess.com"]
[Source "ChessBase"]
[SourceQuality "1"]
[TimeControl "40/5400+30:1800+30"]

1. e4 {[%emt 0:00:00]} c5 {[%emt 0:00:00]} 2. Nf3 {[%emt 0:00:13]} e6 {[%emt 0:00:23]} 3. Nc3 {[%emt 0:04:20]} a6 {[%emt 0:00:38]} 4. d4 {[%emt 0:00:16]} cxd4 {[%emt 0:00:13]} 5. Nxd4 {[%emt 0:00:20]} Qc7 {[%emt 0:00:35]} 6. Be2 {[%emt 0:00:45]} Nf6 {[%emt 0:02:16]} 7. a3 {[%emt 0:03:29]} Nc6 {[%emt 0:02:36]} 8. Be3 {[%emt 0:00:08]} Be7 {[%emt 0:06:23]} 9. f4 {[%emt 0:03:02]} d6 {[%emt 0:01:12]} 10. O-O {[%emt 0:03:47]} O-O {[%emt 0:04:40]} 11. Nb3 {[%emt 0:04:41]} b5 {[%emt 0:03:20]} 12. Bf3 {[%emt 0:07:29]} Bb7 {[%emt 0:01:33]} 13. Qe2 {[%emt 0:03:37]} Rac8 {[%emt 0:06:41]} 14. Rad1 $11 {[%emt 0:09:53]} Nd7 {[%emt 0:11:30]} 15. Qf2 {[%emt 0:01:57]} Na5 {[%emt 0:11:19]} 16. Nxa5 {[%emt 0:13:40]} Qxa5 {[%emt 0:00:10]} 17. Qd2 {[%emt 0:00:47]} Qc7 {[%emt 0:02:57]} 18. e5 {[%emt 0:01:15]} d5 {[%emt 0:03:50]} 19. Bd4 {[%emt 0:02:47]} Nb6 {[%emt 0:12:15]} 20. Kh1 {[%emt 0:06:05]} Nc4 {[%emt 0:05:13]} 21. Qc1 {[%emt 0:00:42]} b4 {[%emt 0:05:47]} 22. axb4 {[%emt 0:03:04]} Bxb4 {[%emt 0:00:10]} 23. Ne2 {[%emt 0:00:30]} a5 {[%emt 0:01:20]} 24. Ng3 {[%emt 0:02:45]} a4 {[%emt 0:07:36]} 25. Nh5 {[%emt 0:02:44]} Na5 {[%emt 0:06:42]} 26. f5 {[%emt 0:02:19]} Qxc2 {[%emt 0:01:50]} 27. Qg5 {[%emt 0:00:38]} g6 {[%emt 0:00:27]} 28. Nf6+ {[%emt 0:00:52]} Kg7 {[%emt 0:00:37]} 29. Be3 {[%emt 0:00:23]} 1-0

[Event "SRB-ch Semifinal 2021"]
[Site "Paracin"]
[Date "2021.03.16"]
[Round "1.9"]
[White "Vasic, Vladimir"]
[Black "Radovanovic, Nikola"]
[Result "0-1"]
[WhiteElo "2129"]
[BlackElo "2391"]
[Annotator "TA"]
[PlyCount "94"]
[EventDate "2021.03.16"]
[EventType "swiss"]
[EventCountry "SRB"]
[SourceTitle "playchess.com"]
[Source "ChessBase"]
[SourceQuality "1"]

{[%evp 17,94,-64,-70,-58,-65,-110,-119,-147,-116,-118,-116,-126,-133,-136,-122,-137,-127,-146,-105,-91,-88,-82,-40,-33,-22,-33,-31,-48,-50,-181,-173,-175,-173,-384,-402,-497,-496,-485,-494,-497,-491,-488,-488,-606,-606,-678,-671,-703,-696,-641,-691,-729,-734,-947,-935,-1043,-955,-1034,-1029,-978,-885,-1072,-833,-803,-777,-29971,-29971,-29970,-29969,-29972,-29974,-29974,-29976,-29976,-29976,-29978,-29979,-29978,-29977]} 1. e4 c5 2. Nf3 e6 3. d4 cxd4 4. Nxd4 Nf6 5. Bd3 Nc6 6. Be3 d5 7. Nxc6 bxc6 8. e5 Nd7 9. f4 Bc5 10. Bxc5 {B44: Sicilian: Taimanov: 5 Nb5.} Nxc5 11. Be2 Ne4 {[#] Hoping for ...Qh4+.} 12. Bf3 $146 {Black should prevent Bxe4.Black is better.} ({Predecessor:} 12. Qd4 Qh4+ 13. g3 Nxg3 14. Qf2 Nf5 15. Nd2 Rb8 16. b3 O-O 17. c3 f6 18. Nf3 Qxf4 19. exf6 Rxf6 20. Qxa7 {0-1 (29) Weiland,T (1756)-Milov,L (2396) Frankfurt 2015}) 12... Qh4+ 13. g3 {[#]} Nxg3 14. hxg3 Qxg3+ 15. Ke2 Qxf4 16. Kf2 Qxe5 17. c3 Qf6 18. Qd4 Rb8 19. b3 Qxd4+ 20. cxd4 Rb4 21. Ke3 f6 22. Bh5+ Ke7 23. Bg6 {This costs White the game.} e5 $19 24. dxe5 fxe5 25. Bxh7 $2 {[#]} (25. Nd2) 25... Bf5 $1 {[%mdl 576] Pin} 26. Nd2 (26. Rh5 Re4+) 26... Rxh7 27. Rxh7 Bxh7 {[%mdl 4096] Endgame KRB-KRN} 28. Rg1 Kf6 29. Rc1 Rb6 30. a4 a5 31. Rh1 Bf5 32. Rh8 d4+ 33. Kf3 Be6 34. Rf8+ Ke7 35. Ra8 Bxb3 36. Ke4 Bd5+ 37. Kxe5 Rb2 38. Ra7+ Kf8 39. Nf1 d3 40. Kd4 d2 41. Ne3 Rb3 {Black mates.} 42. Nd1 Rb1 43. Ne3 Re1 44. Kd3 {[#]} Rxe3+ $1 45. Kxd2 Ra3 46. Rxa5 g5 47. Ra7 g4 {Weighted Error Value: White=0.50/Black=0.07} 0-1

[Event "SRB-ch Semifinal 2021"]
[Site "Paracin"]
[Date "2021.03.16"]
[Round "1.10"]
[White "Zegarac, Vuk"]
[Black "Kotrla, Sebastian"]
[Result "1-0"]
[WhiteElo "2386"]
[BlackElo "2108"]
[Annotator "NA"]
[PlyCount "67"]
[EventDate "2021.03.16"]
[EventType "swiss"]
[EventCountry "SRB"]
[SourceTitle "playchess.com"]
[Source "ChessBase"]
[SourceQuality "1"]
[TimeControl "40/5400+30:1800+30"]

1. d4 {[%emt 0:00:00]} d5 {[%emt 0:00:20]} 2. c4 {[%emt 0:00:33]} e6 {[%emt 0:00:26]} 3. Nc3 {[%emt 0:00:15]} Nf6 {[%emt 0:00:58]} 4. cxd5 {[%emt 0:00:46]} exd5 {[%emt 0:01:19]} 5. Bg5 {[%emt 0:00:30]} Be7 {[%emt 0:03:45]} 6. e3 {[%emt 0:01:29]} O-O {[%emt 0:02:28]} 7. Bd3 {[%emt 0:01:18]} Re8 {[%emt 0:05:35]} 8. Nge2 {[%emt 0:04:32]} h6 {[%emt 0:04:01]} 9. Bh4 {[%emt 0:00:44]} c6 {[%emt 0:02:03]} 10. Qc2 {[%emt 0:07:15]} a5 {[%emt 0:03:17]} 11. f3 {[%emt 0:03:16]} Na6 {[%emt 0:04:26]} 12. a3 {[%emt 0:00:34]} Nh5 {[%emt 0:15:30]} 13. Bf2 {[%emt 0:04:33]} b5 $14 {[%emt 0:12:11]} 14. O-O {[%emt 0:03:22]} Bh4 {[%emt 0:08:07]} 15. e4 {[%emt 0:05:27]} dxe4 {[%emt 0:08:29]} 16. fxe4 {[%emt 0:01:28]} Bg4 {[%emt 0:00:30]} 17. h3 {[%emt 0:00:30]} Bxe2 {[%emt 0:10:20]} 18. Nxe2 {[%emt 0:03:37]} Re6 {[%emt 0:00:30]} 19. e5 {[%emt 0:00:30]} g6 {[%emt 0:04:52]} 20. Rad1 {[%emt 0:10:27]} Nc7 {[%emt 0:00:28]} 21. g4 {[%emt 0:04:23]} Nd5 {[%emt 0:02:26]} 22. gxh5 {[%emt 0:07:54]} Qg5+ {[%emt 0:01:01]} 23. Kh2 {[%emt 0:01:10]} Bxf2 {[%emt 0:01:55]} 24. Rxf2 {[%emt 0:00:48]} Ne3 {[%emt 0:00:52]} 25. Qc1 {[%emt 0:03:54]} Nxd1 {[%emt 0:01:02]} 26. Qxd1 {[%emt 0:00:03]} Qxh5 {[%emt 0:00:30]} 27. Qf1 {[%emt 0:01:47]} Re7 {[%emt 0:03:09]} 28. Rf4 {[%emt 0:00:22]} Rxe5 {[%emt 0:01:11]} 29. Ng3 {[%emt 0:01:03]} Qg5 {[%emt 0:00:16]} 30. dxe5 {[%emt 0:00:05]} Rd8 {[%emt 0:00:23]} 31. Rxf7 {[%emt 0:09:53]} h5 {[%emt 0:01:04]} 32. Rf6 {[%emt 0:00:48]} Qd2+ {[%emt 0:00:56]} 33. Be2 {[%emt 0:00:26]} Qc2 {[%emt 0:01:36]} 34. Qf4 {[%emt 0:00:22]} 1-0